000 00475nam a2200157 i 4500
001 51983
003 ES-MaACL
007 t|
008 030822s1972 xxr ||||1| spa d
100 1 _aChilikin, Mijail.
_938517
245 1 0 _aAccionamientos eléctricos /
_cM. Chilikin ; traducido del ruso por José Puig Torres.
260 _aMoscú :
_bMiz,
_c[1972]
300 _a479 p. :
_bil. ;
_c22 cm.
700 1 _aPuig Torres, José.
_994284
852 _aES-MaACL
_jE-5362
_bR.89380
999 _c51983
_d51983